Statistics for Historical characters by actors who played them

Click here to take the quiz!

General Stats

  • This quiz has been taken 28 times
  • The average score is 5 of 15

Answer Stats

HintAnswer% Correct
Elizabeth Taylor, Monica BellucciCleopatra
76%
Henry Fonda, Daniel Day-LewisAbraham Lincoln
72%
Ben Kingsley, Naseeruddin ShahMahatma Gandhi
68%
Claude Rains, Alain ChabatJulius Caesar
52%
Anthony Hopkins, Bruno GanzAdolf Hitler
48%
Robert De Niro, Tom HardyAl Capone
40%
Max von Sydow, Willem DafoeJesus Christ
36%
Marlon Brando, Ian HolmNapoleon Bonaparte
36%
Kirsten Dunst, Diane KrugerMarie Antoinette
28%
Robert Duvall, Adrian McLoughlinJoseph Stalin
24%
Gael García Bernal, Benicio Del ToroChe Guevara
16%
John Wayne, Omar SharifGenghis Khan
16%
Diane Keaton, Amy AdamsAmelia Earhart
8%
Anthony LaPaglia, Demián BichirFidel Castro
4%
Richard Harris, Sean ConneryKing Richard I Lionheart
0%

Score Distribution

Percentile by Number Answered

Percent of People with Each Score

Your Score History

You have not taken this quiz